000 01292nam a2200325 a 4500
001 000113221
003 CHAP
005 20241024174600.0
008 170518s2016 mx sm |||||||spa d
010 _a109682
011 _a110654
040 _cCHAP
090 _aTesis
100 1 _aEstrada Ramírez, Mitzy Nayeli.
_9132252
245 1 0 _aRecubrimiento poliméricos aplicados a pleurotus ostreatus para su conservación en postcosecha
_h[En línea]
_cpor Mitzy Nayeli Estrada Ramírez.
260 _aChapingo, Méx. :
_bEl autor,
_c2016.
500 _aPara ver el contenido del material haga clic en la liga
502 _aTesis (M.C. en Ciencia y Tecnología Agroalimentaria) -- UACH. Departamento de Ingeniería Agroindustrial
590 _aBATCH-UPD
_b05
_c20170518
_lUCH01
_h1107
590 _aE5765TAJ
_b05
_c20170518
_lUCH01
_h1107
590 _aE5765TAJ
_b05
_c20170518
_lUCH01
_h1107
590 _aE5765TAJ
_b05
_c20170518
_lUCH01
_h1109
650 1 4 _aAceites vegetales
_xEfecto en hongos fitopatógenos.
_9126729
650 1 4 _aSetas
_xConservación
_xEmulsiones.
_9132254
650 1 2 _aSetas (Hongos)
_xConservación
_xTecnología postcosecha
_9132253
856 _aFinding aid
_uhttp://10.13.5.2/tesis/sist113221.pdf
_zTeclea aquí
901 _aBK
942 _cTESIS
942 _n0
999 _c109682
_d109682